The Regi Pokémon by their Eyes - Statistics

General Stats
  • This quiz has been taken 17 times
  • The average score is 5 of 6
Answer Stats
Picture Answer % Correct
Regirock
100%
Registeel
100%
Regice
91%
Regigigas
91%
Regidrago
73%
Regieleki
73%
No matching quizzes found
Score Distribution
Percent of People with Each Score
Percentile by Number Answered
Your Score History
You have not taken this quiz